Score 0/10 Timer 02:00
0 Plays Today
cwt (thousands) State % Correct
130,400Idaho
95.4%
13,808California
88.1%
100,300Washington
87.8%
21,784Oregon
85.9%
27,600North Dakota
76.5%
16,200Minnesota
72.2%
17,550Michigan
70%
27,813Wisconsin
69.9%
22,575Colorado
68.2%
16,160Maine
51.9%

You're not logged in!

Compare scores with friends on all Sporcle quizzes.
OR
Log In

Sporcle TV

Today on Sporcle TV


Watch our educational content, quiz creation guides, and fun videos on Sporcle TV.

Show Comments

Extras

Top Quizzes Today


Score Distribution

Paid Content

Your Account Isn't Verified!

In order to create a playlist on Sporcle, you need to verify the email address you used during registration. Go to your Sporcle Settings to finish the process.

Report this User

Report this user for behavior that violates our Community Guidelines.

Details: